Statistics for Biggest Cities in the Stans & Iran

Click here to take the quiz!

General Stats

  • This quiz has been taken 37 times
  • The average score is 16 of 30

Answer Stats

Country City % Correct
IranTehran
100%
PakistanKarachi
97%
UzbekistanTashkent
97%
AfghanistanKabul
97%
KazakhstanAstana
94%
PakistanLahore
88%
PakistanIslamabad
88%
KazakhstanAlmaty
88%
TajikistanDushanbe
85%
TurkmenistanAshgabat
82%
KyrgyzstanBishkek
76%
IranIsfahan
67%
PakistanHyderabad
67%
IranMashhad
64%
IranShiraz
55%
PakistanFaisalabad
48%
PakistanQuetta
48%
IranTabriz
45%
PakistanRawalpindi
45%
PakistanPeshawar
42%
IranQom
39%
PakistanMultan
27%
IranKaraj
15%
PakistanGujranwala
15%
IranAhwaz
9%
IranKermanshah
9%
IranUrmia
9%
KazakhstanShymkent
6%
PakistanBahawalpur
3%
IranRasht
3%

Score Distribution

Percentile by Number Answered

Percent of People with Each Score

Your Score History

You have not taken this quiz